000
00235nam a2200097Ia 4500
005
20251222114350.0
008
251222s1900||||xx |||||||||||||| ||spa||
082
_a
DVD0140/D56/1991
245
0
_a
El silencio de los inocentes :
942
_c
DVD
999
_c
1221
_d
1221